00936ngm a2200325 4500003000400000005001700004007000500021008004100026010002000067024001000087035002000097040001300117082001500130245008400145260003300229300006300262440003300325538004900358650001900407700001700426700001600443700001800459700002300477700002200500700001900522700002000541700001000561700001900571700002000590dpl20081125122625.0DVD ||||||sp199 xxu|||||c ||| 00| 0 ng d  aDVD-001352-1354 c69.00 aDVD-001352-1354 aDPLcDPL aDVD / KABH aKabhi Khushi Kabhie Gham...cDharma Production Presentsh[videorecording] DVD/ bSony BMG Home Entertainment a1 videodisc DVD; (210 min.) ;bsd., col. ;c4 3/4 in.fDVD aSony BMGj Home Entertainment aDolby Digital 5.1 - Hindi Subtitles: English aMotion Picture aJohar, Karan aJohar, Yash aMaehta, Anil  aShankar-Ehsaan-Loy aBachchan, Amitabh aBachchan, Jaya aKhan, Shah Rukh aKajol aKapoor, Karina aRoshan, Hrithik